000 00628nam a22002177a 4500
001 86787
003 UA-OsUOA
005 20220527211337.0
007 ta
008 20120911b un ||||| |||| 00| 0 ukr d
040 _aUA-OsUOA
_brus
_cUA-OsUOA
_dUA-OsUOA
041 _arus
080 _a94(47+57)"1941/1945"
090 _a94(47+57)"1941/1945"
_bК12
245 _aКавалеры Золотой Звезды
_bОчерки о Героях Советского Союза
260 _aДонецк
_bДонбас
_c1976
300 _a479 с.
650 7 _a94 Історія Росії
_2UDC
942 _cBK
_2udc
955 _a0
999 _c372961
_d372961